<?xml version="1.0" encoding="UTF-8"?>
<collection xmlns="http://www.loc.gov/MARC21/slim">
 <record>
  <leader>00933cas a2200181 a 4500</leader>
  <controlfield tag="001">AALejournalEBSCOASP002180</controlfield>
  <controlfield tag="008">230101c9999    xx  r poo     0    0eng d</controlfield>
  <datafield tag="022" ind1=" " ind2=" ">
   <subfield code="a">0921-8912</subfield>
  </datafield>
  <datafield tag="040" ind1=" " ind2=" ">
   <subfield code="a">BD-DhAAL</subfield>
   <subfield code="c">BD-DhAAL</subfield>
  </datafield>
  <datafield tag="245" ind1="0" ind2="0">
   <subfield code="h">[electronic resource]</subfield>
   <subfield code="a">Analytical Cellular Pathology</subfield>
  </datafield>
  <datafield tag="260" ind1=" " ind2=" ">
   <subfield code="b">Hindawi Limited</subfield>
  </datafield>
  <datafield tag="300" ind1=" " ind2=" ">
   <subfield code="a">1 online resource</subfield>
  </datafield>
  <datafield tag="500" ind1=" " ind2=" ">
   <subfield code="a">&lt;strong&gt;Off-Campus Access:&lt;/strong&gt; Athens ID and Password Required</subfield>
  </datafield>
  <datafield tag="500" ind1=" " ind2=" ">
   <subfield code="a">&lt;strong&gt;On-Campus Access:&lt;/strong&gt; No User ID or Password Required</subfield>
  </datafield>
  <datafield tag="506" ind1=" " ind2=" ">
   <subfield code="a">Electronic access restricted to authorized BRAC University faculty, staff and students</subfield>
  </datafield>
  <datafield tag="538" ind1=" " ind2=" ">
   <subfield code="a">Mode of access: Internet</subfield>
  </datafield>
  <datafield tag="856" ind1="4" ind2="0">
   <subfield code="z">Full text available on EBSCOhost[Jan 1997-Jul 2003]</subfield>
   <subfield code="u">https://search.ebscohost.com/direct.asp?db=aph&amp;jid=3HI&amp;scope=site</subfield>
  </datafield>
  <datafield tag="856" ind1="4" ind2="0">
   <subfield code="z">Off-campus access</subfield>
   <subfield code="u">https://go.openathens.net/redirector/bracu.ac.bd?url=https%3A%2F%2Fsearch.ebscohost.com%2Fdirect.asp%3Fdb%3Daph%26jid%3D3HI%26scope%3Dsite</subfield>
  </datafield>
 </record>
</collection>
